Insects etc. : an anthology of arthropods featuring a bounty of beetles /

Bibliographic Details
Main Author: Durin, Bernard, 1940-1988
Other Authors: Gette, Paul-Armand, Scherer, Gerhard
Format: Book
Language:English
German
Published: New York : Hudson Hills, [1981]
Edition:1st American ed.
Subjects:

MARC

Tag First Indicator Second Indicator Subfields
LEADER 00000cam a22000008a 4500
001 in00000086178
005 20151222114844.0
008 810810s1981 nyua b 00010 eng
010 |a  81006908  
020 |a 0933920253 :  |c $50.00 
035 |a (OCoLC)07736841 
035 |9 AAK0533AM 
039 0 |a 2  |b 3  |c 3  |d 3  |e 3 
040 |a DLC  |c DLC  |d TXA  |d UtOrBLW 
041 1 |a eng  |a ger 
049 |a TXAM  |c [1442155] 
050 0 0 |a QL466  |b .D8713 
082 0 |a 595.7  |2 19 
100 1 |a Durin, Bernard,  |d 1940-1988. 
240 1 0 |a Käfer und andere Kerbtiere.  |l English 
245 1 0 |a Insects etc. :  |b an anthology of arthropods featuring a bounty of beetles /  |c paintings by Bernard Durin ; with a literary anthology introduced and selected by Paul Armand Gette ; entomological commentaries by Gerhard Scherer ; translated by Georg Zappler. 
250 |a 1st American ed. 
263 |a 8110 
264 1 |a New York :  |b Hudson Hills,  |c [1981] 
264 4 |c ©1981 
300 |a 108 pages :  |b color illustrations ;  |c 34 cm. 
336 |a text  |b txt  |2 rdacontent 
337 |a unmediated  |b n  |2 rdamedia 
338 |a volume  |b nc  |2 rdacarrier 
500 |a Translation of: Kafer und andere Kerbtiere. 
504 |a Includes bibliographical references. 
650 0 |a Insects  |v Pictorial works. 
650 0 |a Beetles  |x Pictorial works. 
700 1 |a Gette, Paul-Armand. 
700 1 |a Scherer, Gerhard. 
999 |a MARS 
999 f f |s d78841c7-ace1-358d-a3df-4230dbdbb73b  |i 25b3f190-6db0-3e14-9db3-9928e6612819  |t 0 
952 f f |p ric  |a Texas A&M University  |b Rellis Campus  |c Joint Library Facility  |d Remote Storage  |t 0  |e QL466 .D8713  |h Library of Congress classification  |i unmediated -- volume  |m A14806220697 
998 f f |a QL466 .D8713  |t 0  |l Remote Storage